| 000 | 00531nam a2200193Ia 4500 | ||
|---|---|---|---|
| 003 | OSt | ||
| 005 | 20250215090507.0 | ||
| 008 | 210210b1987 xxu||||| |||| 00| 0 eng d | ||
| 040 | _cAL | ||
| 041 | _aKannada | ||
| 082 | _aK894.308 KALI | ||
| 100 |
_aKALEGAUDA NAGAVARA _948657 _dಕಾಳೇಗೌಡ ನಾಗವಾರ |
||
| 245 |
_aE manjinolage _b ಈ ಮಂಜಿನೊಳಗೆ |
||
| 260 |
_aMaisuru _bGautam Pablikeshans _c1987 |
||
| 300 | _a168 | ||
| 690 |
_aKannada Fiction _948658 |
||
| 906 | _a040048 | ||
| 942 |
_2ddc _cBK |
||
| 999 |
_c89746 _d89746 |
||